Quizzes
Events
Quiz Creation
Community
Videos
Private Events
Remove Ads
Sign In
Join for FREE
Feedback
Dark Mode
Quiz Categories
Sports
Geography
Music
Movies
Television
Just For Fun
Miscellaneous
History
Literature
Language
Science
Gaming
Entertainment
Religion
Holiday
For Kids
Quiz Lab
Recent
Popular Today
Quiz Kudos Today
Editor Picks
Curator Picks
Quizzes by...
Day
Popularity
Type
Ratings
Length
Year
Community
Subscriptions
Recent Discussions
Orange Saloon
Badges
Playlists
Quests
Create
Leaderboards
Showdown
Live 5
Trivia Bingo
Activity
Puzzle Library
Sporcle Events
Private Events
Virtual Trivia
Globe League
Become a Host
Pub Owners
SporcleCon
Opinionation
Our Games
Videos
Blog
Mobile Apps
Partnerships
Remove Ads and Go Orange
Feedback
Miscellaneous
Crossword
General Knowledge
Baby Names
Logo
Food
Cars
Numbers
Grab Bag
University
College
Popular
Company
Slogans
Restaurants
Justice
Letter
Miscellaneous
Crossword
General Knowledge
Baby Names
Logo
Food
Cars
Numbers
Grab Bag
University
College
Popular
Company
Slogans
Restaurants
Justice
Letter
Random Quiz
Search Sporcle
×
Quiz Lab
Quiz Lab
Miscellaneous
Cars
Type in answers that appear in a list
Type in answers that appear in a list
Classic
Best Score? Go Orange.
Top Gear Power Lap Times Stats
Can you name the Top 50 Top Gear Power Lap Times as of 10th Feb 2012?
By
footiefan4life
10m
50 Questions
36 Plays
36 Plays
36 Plays
Comments
Comments
Give Quiz Kudos
Give Quiz Kudos
-
- Ratings
hide this ad
Replay
Link that replays current quiz
Next Quiz
Link to next quiz in quiz playlist
You Got
0%
They Got
Avg Score
18%
Avg Friend Score
Upgrade to see
Score Distribution
Jump to the score distribution portion of the page
Score
0/50
Timer
10:00
0
Plays Today
Time
Car
% Correct
1:18:3
Bugatti Veyron
75%
1:19:0
Ferrari Enzo
47.2%
1.19.5
Ariel Atom
41.7%
1:19:7
Nissan GT-R
41.7%
1:17:1
Gumpert Apollo
38.9%
1:18:4
Pagani Zonda F
38.9%
1:17:3
Ascari A10
36.1%
1:19:8
Porsche Carrera GT
36.1%
1:23:9
Koenigsegg
36.1%
1:25:8 (w)
Lamborghini Gallardo
36.1%
1:16:8
Bugatti Veyron Supersport
27.8%
1.18.9
Maserati MC12
27.8%
1:20:4
Koenigsegg CCX
27.8%
1:23:8
Zonda
27.8%
1:24:4 (d)
Audi R8
27.8%
1.19.5 (pd)
Porsche 911 GT2
25%
1:17:9
Caterham R500
22.2%
1:21:9
Ford GT
22.2%
1:23:7
Lamborghini Murcielago
22.2%
1:25:3
BMW M3
22.2%
1:23:3
Aston Martin DBS
19.4%
1.17.8
Pagani Zonda F Roadster
16.7%
1:20:7
Ascari KZ1
16.7%
1:20:9
Mercedes McLaren SLR
13.9%
1:21:2
Ferrari 599GTB
13.9%
Time
Car
% Correct
1:25:0
Noble M400
13.9%
1:26:4 (mm)
Lotus Exige
13.9%
1:26:8
Chevrolet Corvette
13.9%
1:22:4
Corvette Z06
11.1%
1:22:5
Noble M15
11.1%
1:24:8
TVR Tuscan
11.1%
1.17.6
Koenigsegg CCX (with Top Gear spoiler)
8.3%
1:22:3
Ferrari 360 C S
8.3%
1:24:6
TVR Sagaris
8.3%
1.19.5 (pd)
Lamborghini LP560
5.6%
1:19:7
Ferrari Scuderia
5.6%
1:19:8
Lamborghini LP640
5.6%
1:22:3
Porsche GT3 RS
5.6%
1:25:7
Lamborghini Gallardo Spyder
5.6%
1:26:2
Porsche Cayman
5.6%
1:23:0
Mercedes SL Black
2.8%
1:24:3
Prodrive P2
2.8%
1:25:7
Lotus Dress Shop
2.8%
1:26:0
BMW Z4 M
2.8%
1:26:2
Brabus Biturbo Roadster
2.8%
1.19.5 (pd)
Porsche 911 GT2 (997)
0%
1:24:8
Mitsubishi Evo FQ400
0%
1:25:1
Lotus Exige S
0%
1:26:2
Porsche 911 Carrera 2S
0%
1:26:3
Vauxhall VXR8 Bathurst
0%
Quiz Playlist
Details
Report
Send in Message
Add To Playlist
Classic:
Type in answers that appear in a list
Quiz Source
Last Updated: Feb 16, 2017
Quiz Scoreboard
CHALLENGE
Sign Up to Join the Scoreboard
Show All
Scores
Hide
Comments
May contain spoilers
Recently Published
TV Characters by Other Roles V
by ghcgh
Television
5m
Decade Duel: World Leaders
by jenniferyan
History
4m
Alphabetical 'K' Countries by Flag Minefield
by ylime102
Geography
3m
More to Explore
Quiz From the Vault
Featured Blog Post
15 Basketball Trivia Facts You Can Be March Mad About
hide this ad
You Might Also Like...
Tags
Cars Quiz
2012
car
gear
lap
Power
Top 50
Top Gear
Today's Top Quizzes in Miscellaneous
Browse Miscellaneous
hide this ad
Today's Top Quizzes in Cars
Browse Cars
Top Contributed Quizzes in Miscellaneous
1
The JOE quick-fire general knowledge quiz: Day 166
2
Spring Months consonants
3
Pick 6: Supreme Pizza
4
The JOE quick-fire general knowledge quiz: Day 165
5
Pick 6: Vegetables
6
Four Seasons
7
Pick 6: University Mascots
8
Guess the 'S' Things in 3 Words
9
Sporcle Acrostic Puzzle XXXV
10
The JOE quick-fire general knowledge quiz: Day 164
Explore More
Trending Topics
Marvel
Anime
Disney
Kpop
NBA
Harry Potter
Crossword
Puzzle
WWE
Country
Song
Soccer
NFL
The Office
Pokémon
hide this ad
More By:
footiefan4life
Quiz
Plays
Rating
Category
Featured
Created
All-Time Mario Kart Characters
148
2.25
Gaming
Feb 18, 2012
Guess The Footie Players!
135
3.00
Sports
Feb 17, 2012
2012-2013 English Stadia
44
3.00
Sports
Jun 25, 2012
Top Gear Power Lap Times
36
Miscellaneous
Feb 16, 2012
Go to Creator's Profile
Score Distribution
Quiz Creator Spotlight
footiefan4life
Follow
Send a Message
Quizzes Created
-
Created Quiz Play Count
-
More By This Creator
Popular Quizzes Today
1
Countries of Asia Without Outlines Minefield
2
Find the US States - No Outlines Minefield
3
Pick 6: Fruits
4
The Countries of the World
5
Alphabetical 'K' Countries by Flag Minefield
6
Find the Countries of Europe - No Outlines Minefield
7
US States
8
Find the US States
More Miscellaneous Quizzes
Mull it over
Editor's Pick
Trending Quizzes
Pick 6: Mountains
Pick 6: Harry Potter
Pick 6: Flags
Pick 6: NFL Teams
Pick 6: Movie Franchises
Recently Updated
Adaptations: Name the Title
pecheneg
NWSL Teams
pecheneg
Women's Final Four Teams by Year
bhenderson79
Presidents Quartet II
eogle
Anything But Clue(do)
eogle
Anything But Oceanian Capitals
eogle
Anything But 7
eogle
Anything But Thing
eogle
Word Ladder: February 29
pecheneg
Song Title Questions
pecheneg
Trending Topics
Crossword
Kpop
Marvel
Anime
Harry Potter
Disney
NBA
Puzzle
Song
Pokémon
NFL
Country
The Office
WWE
Soccer
Your Account Isn't Verified!
In order to create a playlist on Sporcle, you need to verify the email address you used during registration. Go to your
Sporcle Settings
to finish the process.
Report this User
Report this user for behavior that violates our
Community Guidelines
.
Details:
Send Report
Go to the Sporcle.com Mobile Site →
Comments